000 00551nam a22002057a 4500
001 BT-PhCST
003 BT-PhCST
005 20190204165429.0
008 170826b xxu||||| |||| 00| 0 eng
020 _a8120300548
040 _aBT-PhCST
_cBT-PhCST
_dBT-PhCST
050 _a5459
082 _222
_a621.3
100 _aJordan, Edward C. and Balmain, Keith G.
245 _aElectromagnetic waves and radiating systems /
250 _a2nd ed.
260 _aNew Delhi,
_bPrentice Hall,
_cc2006.
300 _axiii, 753 p. ;
_bill. ;
942 _2ddc
_cEE
999 _c3701
_d3701